[Event "Oberliga Wuerttemberg 1920"]
[Site "Wuerttemberg"]
[Date "2019.11.10"]
[Round "3.8"]
[White "Blum, Nicolas"]
[Black "Scheeff, Volker"]
[Result "0-1"]
[WhiteElo "2208"]
[BlackElo "2049"]
[PlyCount "48"]
[EventDate "2019.09.15"]
[EventType "team-tourn"]
[EventRounds "9"]
[EventCountry "GER"]
[SourceTitle "EXT 2021"]
[Source "ChessBase"]
[SourceDate "2020.10.23"]
[SourceVersion "1"]
[SourceVersionDate "2020.10.23"]
[SourceQuality "1"]
[WhiteTeam "Heilbronn"]
[BlackTeam "Schmiden Cannstatt"]
[WhiteTeamCountry "GER"]
[BlackTeamCountry "GER"]

1. e4 e6 2. d4 d5 3. Nd2 Be7 4. e5 c5 5. Qg4 Kf8 6. dxc5 h5 7. Qg3 Nc6 8. Ngf3 h4 9. Qf4 g5 10. Qe3 Nh6 11. Bd3 Ng4 12. Qe2 Qc7 13. Nb3 Rg8 14. Bd2 Ngxe5 15. 0-0-0 a5 16. a4 Bd7 17. Bb5 Nxf3 18. Qxf3 Ne5 19. Qe2 Bxb5 20. Qxb5 Nc4 21. Bc3 Bf6 22. Nd4 Kg7 23. b3 Qf4+ 24. Kb1 Na3+ 0-1

[Event "FRA-ch op-A"]
[Site "Agen"]
[Date "2016.08.??"]
[Round "2"]
[White "De Seroux, Camille"]
[Black "Blum, Nicolas"]
[Result "1/2-1/2"]
[WhiteElo "2089"]
[BlackElo "2184"]
[PlyCount "74"]
[EventDate "2016.08.12"]
[EventType "swiss"]
[EventRounds "9"]
[EventCountry "FRA"]
[SourceTitle "EXT 2017"]
[Source "ChessBase"]
[SourceDate "2016.10.25"]
[SourceVersion "1"]
[SourceVersionDate "2016.10.25"]
[SourceQuality "1"]

1. e4 c6 2. d4 d5 3. Nc3 dxe4 4. Nxe4 Nd7 5. Ng5 Ngf6 6. Bd3 e6 7. N1f3 Bd6 8. Qe2 h6 9. Ne4 Nxe4 10. Qxe4 Qc7 11. 0-0 b6 12. Qg4 Kf8 13. b3 Bb7 14. Re1 Rd8 15. Bb2 Nf6 16. Qh3 Nd5 17. g3 c5 18. c4 Nb4 19. Be4 cxd4 20. Nxd4 Bxe4 21. Rxe4 Nd3 22. Bc3 Bb4 23. Bxb4+ Nxb4 24. Nxe6+ fxe6 25. Qxe6 Nc2 26. Rf4+ Qxf4 27. gxf4 Nxa1 28. Qf5+ Kg8 29. Qb1 Nxb3 30. axb3 Rd6 31. Qe4 a5 32. Qe5 Rf6 33. Qe4 Kf7 34. Qd5+ Kg6 35. Qe4+ Kf7 36. Qb7+ Kg6 37. Qe4+ Kf7 1/2-1/2

[Event "FRA-chT2 1011"]
[Site "France"]
[Date "2010.10.17"]
[Round "1.2"]
[White "Blum, Nicolas"]
[Black "Vatter, Hans Joachim"]
[Result "1-0"]
[WhiteElo "2269"]
[BlackElo "2330"]
[PlyCount "64"]
[EventDate "2010.10.17"]
[EventType "team-tourn"]
[EventRounds "11"]
[EventCountry "FRA"]
[SourceTitle "EXT 2012"]
[Source "ChessBase"]
[SourceDate "2011.11.24"]
[SourceVersion "1"]
[SourceVersionDate "2011.11.24"]
[SourceQuality "1"]

1. e4 c5 2. Nf3 e6 3. d4 cxd4 4. Nxd4 a6 5. Nc3 Qc7 6. Be2 b5 7. 0-0 Bb7 8. Re1 Nf6 9. Bf3 d6 10. a4 b4 11. Na2 e5 12. Nf5 g6 13. Nh6 Nc6 14. c3 a5 15. Bg5 Ng8 16. Nxg8 Rxg8 17. Be2 Be7 18. Be3 Bf6 19. Bb5 Ke7 20. cxb4 Nxb4 21. Rc1 Qb8 22. Nxb4 axb4 23. Bb6 Rc8 24. Qg4 Kf8 25. Qd7 Rxc1 26. Rxc1 Bc8 27. Qe8+ Kg7 28. Bc7 Qb7 29. Bxd6 Be6 30. Qc6 Rc8 31. Bc7 Rxc7 32. Qxc7 Qxe4 1-0

[Event "Baden-Elsass m"]
[Site "Neumuehl"]
[Date "2010.09.26"]
[Round "?.5"]
[White "Blum, Nicolas"]
[Black "Rosner, Jonas"]
[Result "1/2-1/2"]
[WhiteElo "2269"]
[BlackElo "2195"]
[PlyCount "58"]
[EventDate "2010.09.26"]
[EventType "team-match"]
[EventRounds "1"]
[EventCountry "GER"]
[SourceTitle "EXT 2011"]
[Source "ChessBase"]
[SourceDate "2010.11.26"]
[SourceVersion "1"]
[SourceVersionDate "2010.11.26"]
[SourceQuality "1"]
[WhiteTeam "Elsass"]
[BlackTeam "Baden"]
[WhiteTeamCountry "FRA"]
[BlackTeamCountry "GER"]

1. e4 c5 2. Nf3 d6 3. c3 Nf6 4. h3 Nbd7 5. Bd3 b6 6. 0-0 Bb7 7. Re1 Rc8 8. Bc2 Qc7 9. d3 g6 10. Bg5 Bg7 11. Nbd2 h6 12. Bh4 Nh5 13. Bb3 Nf4 14. d4 e6 15. Bg3 g5 16. Bxf4 gxf4 17. Nh4 Bf6 18. Qh5 Bg5 19. e5 dxe5 20. dxe5 Bxh4 21. Qxh4 Rg8 22. f3 Nxe5 23. Qf6 c4 24. Rxe5 cxb3 25. Rae1 bxa2 26. Rxe6+ Kf8 27. Re7 Qc5+ 28. Kh1 Bd5 29. Qxh6+ Rg7 1/2-1/2

[Event "FRA-ch U20"]
[Site "Troyes"]
[Date "2010.04.14"]
[Round "5"]
[White "Blum, Nicolas"]
[Black "Migot, Tangi"]
[Result "1/2-1/2"]
[WhiteElo "2268"]
[BlackElo "2195"]
[PlyCount "95"]
[EventDate "2010.04.11"]
[EventType "swiss"]
[EventRounds "9"]
[EventCountry "FRA"]
[SourceTitle "EXT 2012"]
[Source "ChessBase"]
[SourceDate "2011.11.24"]
[SourceVersion "1"]
[SourceVersionDate "2011.11.24"]
[SourceQuality "1"]

1. e4 c5 2. Nf3 d6 3. c3 Nf6 4. h3 g6 5. Bd3 Bg7 6. Bc2 0-0 7. 0-0 Nc6 8. d4 cxd4 9. cxd4 Qb6 10. Nc3 e5 11. d5 Nd4 12. Bd3 Nd7 13. Nxd4 exd4 14. Na4 Qd8 15. f4 f5 16. exf5 gxf5 17. b4 a6 18. Qc2 b5 19. Nb2 Nb6 20. a4 Bd7 21. axb5 axb5 22. Ra5 Rxa5 23. bxa5 Nxd5 24. Qb3 Qa8 25. Be2 Kh8 26. Bf3 Bc6 27. Nd3 Ne3 28. Nb4 Bxf3 29. Rxf3 Qxa5 30. Kh2 Nc4 31. Rg3 Qa4 32. Qb1 Qd1 33. Rd3 Qe1 34. Nc2 Qe4 35. Qb3 Bf6 36. Rf3 Rb8 37. Qd3 Ra8 38. Qb3 Rb8 39. Na3 Rg8 40. Nxb5 Qe2 41. Rg3 Rxg3 42. Qxg3 Ne3 43. Bxe3 Qxb5 44. Bd2 Qe2 45. Qe1 Qe4 46. Qc1 Bg7 47. Kg1 d3 48. Qc7 1/2-1/2

[Event "Wasselonne op"]
[Site "Wasselonne"]
[Date "2009.08.07"]
[Round "3"]
[White "Engelmann, Herve"]
[Black "Blum, Nicolas"]
[Result "0-1"]
[WhiteElo "2045"]
[BlackElo "2240"]
[PlyCount "80"]
[EventDate "2009.08.06"]
[EventType "swiss"]
[EventRounds "7"]
[EventCountry "FRA"]
[SourceTitle "EXT 2011"]
[Source "ChessBase"]
[SourceDate "2010.11.26"]
[SourceVersion "1"]
[SourceVersionDate "2010.11.26"]
[SourceQuality "1"]

1. e4 c5 2. Nf3 e6 3. c3 Nf6 4. e5 Nd5 5. d4 cxd4 6. cxd4 d6 7. exd6 Bxd6 8. Nc3 0-0 9. Bd3 b6 10. 0-0 Ba6 11. Nxd5 exd5 12. Re1 Bxd3 13. Qxd3 h6 14. Bd2 Nc6 15. Re2 Rc8 16. a3 Qd7 17. Rae1 Ne7 18. Ne5 Qa4 19. b3 Qxa3 20. Nd7 Rfd8 21. Qh3 Rc2 22. Qg4 Ng6 23. Qf5 Qb2 24. Re8+ Rxe8 25. Rxe8+ Bf8 26. Be1 Re2 27. Rxe2 Qxe2 28. Qb1 Bd6 29. Bc3 Nf4 30. Qf1 Qg4 31. Ne5 Bxe5 32. f3 Qc8 33. dxe5 Qxc3 34. g3 Qe3+ 35. Kh1 Ne2 36. f4 d4 37. Kg2 d3 38. Qa1 d2 39. Qa6 Qe4+ 40. Kf2 d1Q 0-1

[Event "FRA-ch U18"]
[Site "Aix les Bains"]
[Date "2009.04.26"]
[Round "9"]
[White "Blum, Nicolas"]
[Black "Delivre, Raphael"]
[Result "1-0"]
[WhiteElo "2234"]
[BlackElo "2067"]
[PlyCount "51"]
[EventDate "2009.04.19"]
[EventType "swiss"]
[EventRounds "9"]
[EventCountry "FRA"]
[SourceTitle "CBM 130 Extra"]
[Source "ChessBase"]
[SourceDate "2009.07.02"]
[SourceVersion "2"]
[SourceVersionDate "2009.07.15"]
[SourceQuality "1"]

1. e4 c5 2. Nf3 Nc6 3. Bb5 e6 4. Bxc6 bxc6 5. d3 Ne7 6. Qe2 Ng6 7. h4 h5 8. e5 f6 9. Qe4 f5 10. Qe2 d5 11. c4 Be7 12. Bg5 Qc7 13. Bxe7 Qxe7 14. Nc3 Ba6 15. 0-0-0 0-0-0 16. g3 Rhf8 17. Ng5 f4 18. Qxh5 Nxe5 19. Rhe1 Qd6 20. Qe2 Nxd3+ 21. Qxd3 Bxc4 22. Qg6 fxg3 23. fxg3 Qxg3 24. Qxe6+ Kb7 25. Qe7+ Ka8 26. Ne6 1-0

[Event "FRA-chT2 East 0809"]
[Site "France"]
[Date "2009.02.08"]
[Round "7.2"]
[White "Paci, Cedric"]
[Black "Blum, Nicolas"]
[Result "1/2-1/2"]
[WhiteElo "2300"]
[BlackElo "2218"]
[PlyCount "60"]
[EventDate "2008.10.19"]
[EventType "tourn"]
[EventRounds "11"]
[EventCountry "FRA"]
[SourceTitle "EXT 2010"]
[Source "ChessBase"]
[SourceDate "2010.11.25"]
[SourceVersion "1"]
[SourceVersionDate "2010.11.25"]
[SourceQuality "1"]
[WhiteTeam "Vandoeuvre II"]
[BlackTeam "Mulhouse IV"]
[WhiteTeamCountry "FRA"]
[BlackTeamCountry "FRA"]

1. Nf3 Nf6 2. c4 b6 3. g3 c5 4. Bg2 Bb7 5. 0-0 g6 6. b3 Bg7 7. Bb2 d6 8. e3 0-0 9. Nc3 Ne4 10. Qc2 Nxc3 11. Bxc3 e5 12. d4 Qe7 13. dxe5 dxe5 14. Qb2 Nd7 15. Rfd1 Rad8 16. a4 Qf6 17. Ne1 Bxg2 18. Nxg2 Qf3 19. Rd5 Nf6 20. Bxe5 Nxd5 21. Bxg7 Nb4 22. Bxf8 Kxf8 23. Nf4 h6 24. Rf1 g5 25. Qf6 Ke8 26. Qe5+ Kf8 27. Qh8+ Ke7 28. Qe5+ Kf8 29. Qf6 Ke8 30. Qe5+ Kf8 1/2-1/2

[Event "FRA-chT1A 0809"]
[Site "France"]
[Date "2008.12.14"]
[Round "5.3"]
[White "Blum, Nicolas"]
[Black "Krutti, Valer"]
[Result "0-1"]
[WhiteElo "2206"]
[BlackElo "2383"]
[PlyCount "58"]
[EventDate "2008.10.19"]
[EventType "tourn"]
[EventRounds "11"]
[EventCountry "FRA"]
[SourceTitle "EXT 2010"]
[Source "ChessBase"]
[SourceDate "2010.11.25"]
[SourceVersion "1"]
[SourceVersionDate "2010.11.25"]
[SourceQuality "1"]
[WhiteTeam "Mulhouse II"]
[BlackTeam "Bischwiller"]
[WhiteTeamCountry "FRA"]
[BlackTeamCountry "FRA"]

1. e4 g6 2. d4 Bg7 3. Nc3 c6 4. Be3 d5 5. e5 h5 6. f4 Nh6 7. Nf3 Qb6 8. Rb1 Bg4 9. Be2 e6 10. h3 Nf5 11. Bf2 Bxf3 12. Bxf3 h4 13. 0-0 Nd7 14. Bg4 Bf8 15. b4 Qc7 16. Bxf5 gxf5 17. Qe1 Be7 18. b5 Nb6 19. bxc6 Qxc6 20. Rb3 Nc4 21. Qd1 Na5 22. Rb5 Qxc3 23. Be1 Qc4 24. Qb1 b6 25. Bxa5 Qxd4+ 26. Kh1 bxa5 27. Rb7 Qc5 28. Rf3 Qc6 29. Qb3 Bb4 0-1

[Event "FRA-chT2 East 0809"]
[Site "France"]
[Date "2008.11.23"]
[Round "3.2"]
[White "Herbrechtsmeier, Christof"]
[Black "Blum, Nicolas"]
[Result "1/2-1/2"]
[WhiteElo "2305"]
[BlackElo "2218"]
[PlyCount "82"]
[EventDate "2008.10.19"]
[EventType "tourn"]
[EventRounds "11"]
[EventCountry "FRA"]
[SourceTitle "EXT 2010"]
[Source "ChessBase"]
[SourceDate "2010.11.25"]
[SourceVersion "1"]
[SourceVersionDate "2010.11.25"]
[SourceQuality "1"]
[WhiteTeam "Strasbourg II"]
[BlackTeam "Mulhouse IV"]
[WhiteTeamCountry "FRA"]
[BlackTeamCountry "FRA"]

1. e4 c5 2. Nf3 e6 3. d4 cxd4 4. Nxd4 Nc6 5. Nc3 Qc7 6. Be2 a6 7. 0-0 Nf6 8. Kh1 Nxd4 9. Qxd4 Bc5 10. Qd3 b5 11. Bg5 Bb7 12. a3 Qe5 13. f4 Qd4 14. e5 Ne4 15. Qxd4 Bxd4 16. Nxe4 Bxe4 17. c3 Bc5 18. b4 Be7 19. a4 f6 20. exf6 gxf6 21. Bh4 Rg8 22. Bh5+ Kf8 23. Bf3 Bxf3 24. Rxf3 Kf7 25. Bf2 a5 26. axb5 axb4 27. Rb1 bxc3 28. Rxc3 Ra2 29. Kg1 Bd6 30. Rd3 Bxf4 31. Rxd7+ Kg6 32. b6 Rc8 33. b7 Rcc2 34. Rd4 Be5 35. Rg4+ Kf5 36. Bg3 Rxg2+ 37. Kf1 Kxg4 38. Bxe5 Raf2+ 39. Ke1 Re2+ 40. Kf1 Ref2+ 41. Ke1 Re2+ 1/2-1/2

[Event "FRA-chT2 East 0809"]
[Site "France"]
[Date "2008.11.22"]
[Round "2.1"]
[White "Blum, Nicolas"]
[Black "Kunin, Vitaly L"]
[Result "1/2-1/2"]
[WhiteElo "2218"]
[BlackElo "2548"]
[PlyCount "93"]
[EventDate "2008.10.19"]
[EventType "tourn"]
[EventRounds "11"]
[EventCountry "FRA"]
[SourceTitle "EXT 2010"]
[Source "ChessBase"]
[SourceDate "2010.11.25"]
[SourceVersion "1"]
[SourceVersionDate "2010.11.25"]
[SourceQuality "1"]
[WhiteTeam "Mulhouse IV"]
[BlackTeam "Mundolsheim"]
[WhiteTeamCountry "FRA"]
[BlackTeamCountry "FRA"]

1. e4 c5 2. Nf3 Nf6 3. Nc3 d5 4. Bb5+ Bd7 5. Bxd7+ Qxd7 6. e5 Ne4 7. Ne2 c4 8. b4 cxb3 9. axb3 e6 10. 0-0 Nc6 11. d3 Nc5 12. Bb2 Be7 13. Qd2 Qc7 14. Nf4 Nd7 15. Nh5 g6 16. Nf6+ Nxf6 17. exf6 Bd6 18. c4 0-0-0 19. g3 Kb8 20. cxd5 Bb4 21. dxc6 Bxd2 22. Be5 Rxd3 23. Bxc7+ Kxc7 24. Nxd2 Rxd2 25. Rfc1 Rhd8 26. Kg2 R8d6 27. cxb7+ Kxb7 28. Ra4 e5 29. Rb4+ Rb6 30. Rxb6+ axb6 31. Re1 Rd6 32. Rxe5 Rxf6 33. f4 Kc6 34. Kf2 Rf5 35. Re4 Rb5 36. Re7 Rxb3 37. Rxf7 Rb2+ 38. Kg1 Kd5 39. Rxh7 Ke4 40. Rb7 b5 41. Rb6 b4 42. Rxg6 Kf3 43. h4 Rg2+ 44. Kf1 Rxg3 45. Rxg3+ Kxg3 46. Ke2 Kxf4 47. Kd3 1/2-1/2

[Event "FRA-chT2 East 0809"]
[Site "France"]
[Date "2008.10.19"]
[Round "1.2"]
[White "Blum, Nicolas"]
[Black "Gladyszev, Oleg"]
[Result "1/2-1/2"]
[WhiteElo "2218"]
[BlackElo "2448"]
[PlyCount "38"]
[EventDate "2008.10.19"]
[EventType "tourn"]
[EventRounds "11"]
[EventCountry "FRA"]
[SourceTitle "EXT 2010"]
[Source "ChessBase"]
[SourceDate "2010.11.25"]
[SourceVersion "1"]
[SourceVersionDate "2010.11.25"]
[SourceQuality "1"]
[WhiteTeam "Mulhouse IV"]
[BlackTeam "Metz Fischer II"]
[WhiteTeamCountry "FRA"]
[BlackTeamCountry "FRA"]

1. e4 c5 2. Nf3 Nc6 3. Bb5 g6 4. 0-0 Bg7 5. c3 Nf6 6. Re1 0-0 7. h3 Qb6 8. Ba4 d5 9. e5 Ne8 10. d4 cxd4 11. cxd4 Nc7 12. Nc3 Bf5 13. Bxc6 Qxc6 14. Bg5 f6 15. exf6 exf6 16. Bf4 a6 17. Bg3 g5 18. Qb3 Rfd8 19. Rac1 Qd7 1/2-1/2

[Event "Wch U16"]
[Site "Kemer"]
[Date "2007.11.19"]
[Round "2"]
[White "Blum, Nicolas"]
[Black "Fodor, Tamas Jr"]
[Result "1/2-1/2"]
[WhiteElo "2224"]
[BlackElo "2422"]
[PlyCount "33"]
[EventDate "2007.11.18"]
[EventType "swiss"]
[EventRounds "11"]
[EventCountry "TUR"]
[SourceTitle "CBM 121 Extra"]
[Source "ChessBase"]
[SourceDate "2008.01.10"]
[SourceVersion "1"]
[SourceVersionDate "2008.01.10"]
[SourceQuality "1"]

1. e4 e6 2. d4 d5 3. Nd2 c5 4. exd5 exd5 5. Bb5+ Nc6 6. Ngf3 Bd6 7. dxc5 Bxc5 8. 0-0 Nge7 9. Nb3 Bd6 10. Re1 0-0 11. Bd3 Be6 12. c3 Ng6 13. Bd2 a6 14. Be3 b6 15. Nbd4 Be7 16. Qd2 Qd6 17. Rad1 1/2-1/2

[Event "EU-ch U16 17th"]
[Site "Sibenik"]
[Date "2007.09.23"]
[Round "9"]
[White "Ketzetzis, Georgios"]
[Black "Blum, Nicolas"]
[Result "1/2-1/2"]
[WhiteElo "2045"]
[BlackElo "2166"]
[PlyCount "37"]
[EventDate "2007.09.14"]
[EventType "swiss"]
[EventRounds "9"]
[EventCountry "CRO"]
[SourceTitle "CBM 120 Extra"]
[Source "ChessBase"]
[SourceDate "2007.11.01"]
[SourceVersion "1"]
[SourceVersionDate "2007.11.01"]
[SourceQuality "1"]

1. e4 c5 2. Nf3 e6 3. c4 Nc6 4. Nc3 e5 5. Be2 d6 6. 0-0 f5 7. d3 Nf6 8. exf5 Bxf5 9. Nh4 Be6 10. f4 Be7 11. g4 0-0 12. f5 Bd7 13. g5 Ne8 14. Qd2 Nd4 15. f6 gxf6 16. g6 hxg6 17. Nxg6 Rf7 18. Nd5 Bf8 19. Bh5 1/2-1/2

[Event "EU-ch U16 17th"]
[Site "Sibenik"]
[Date "2007.09.20"]
[Round "7"]
[White "Poleshchuk, Dmitriy"]
[Black "Blum, Nicolas"]
[Result "1-0"]
[WhiteElo "2073"]
[BlackElo "2166"]
[PlyCount "149"]
[EventDate "2007.09.14"]
[EventType "swiss"]
[EventRounds "9"]
[EventCountry "CRO"]
[SourceTitle "CBM 120 Extra"]
[Source "ChessBase"]
[SourceDate "2007.11.01"]
[SourceVersion "1"]
[SourceVersionDate "2007.11.01"]
[SourceQuality "1"]

1. e4 c6 2. d4 d5 3. Nc3 dxe4 4. Nxe4 Nd7 5. Bc4 Ngf6 6. Ng5 e6 7. Ne2 h6 8. Nf3 Bd6 9. 0-0 Qc7 10. Be3 0-0 11. Bd3 c5 12. c3 b6 13. Ng3 Bb7 14. Re1 Rfe8 15. Rc1 e5 16. dxe5 Nxe5 17. Nxe5 Bxe5 18. Rc2 Rad8 19. Rd2 Nd5 20. Bc4 Nxe3 21. Rxe3 Qc6 22. Rf3 Rxd2 23. Bxf7+ Kh8 24. Qxd2 Rc8 25. c4 Qc7 26. Bd5 Rd8 27. Rd3 Bd4 28. Bxb7 Qxb7 29. Qe2 Qd7 30. Rf3 Re8 31. Qd2 Qe6 32. b3 Qg6 33. h3 Qb1+ 34. Kh2 Kh7 35. a4 Rd8 36. Qf4 Bf6 37. Qf5+ Qxf5 38. Nxf5 Be5+ 39. g3 Rd2 40. Kg2 Bf6 41. h4 Kg6 42. Ne3 Kf7 43. Nd5 Ke6 44. Nxf6 gxf6 45. Re3+ Kf5 46. Re7 Rb2 47. Rxa7 Rxb3 48. a5 Ke5 49. axb6 Rxb6 50. Rd7 Ke4 51. Rd5 Rc6 52. f3+ Ke3 53. g4 Ke2 54. Kg3 Ke3 55. f4 Ra6 56. g5 Ra1 57. gxf6 Rg1+ 58. Kh3 Rf1 59. f5 Kf3 60. Kh2 Rf2+ 61. Kg1 Rg2+ 62. Kf1 Rg8 63. Rxc5 Rf8 64. Rc6 Kg4 65. Kf2 Kxf5 66. Kf3 Rf7 67. c5 Ra7 68. f7 Rxf7 69. Rxh6 Ra7 70. c6 Ra3+ 71. Ke2 Ke4 72. c7 Rc3 73. Rh7 Rc2+ 74. Kd1 Rc6 75. Kd2 1-0